KOHA-Header-6

A First Course in Differential Equations with Modeling Applications (Record no. 12283)

000 -LEADER
fixed length control field 00329nam a22001337a 4500
020 ## - INTERNATIONAL STANDARD BOOK NUMBER
ISBN 9781305965720
082 ## - DEWEY DECIMAL CLASSIFICATION NUMBER
Classification number 515.35
100 ## - MAIN ENTRY--AUTHOR NAME
Personal name Dannis G.Zill
245 ## - TITLE STATEMENT
Title A First Course in Differential Equations with Modeling Applications
250 ## - EDITION STATEMENT
Edition statement 11th
260 ## - PUBLICATION, DISTRIBUTION, ETC. (IMPRINT)
Name of publisher Cengage Learning
Year of publication 2017
300 ## - PHYSICAL DESCRIPTION
Number of Pages 480 pages.
942 ## - ADDED ENTRY ELEMENTS (KOHA)
Koha item type Books
Holdings
Withdrawn status Lost status Collection code Permanent Location Current Location Shelving location Date acquired Full call number Accession Number Koha item type
    Mathematics MAJU MAJU Shelf No.A26 2020-02-25 515.35 9561 Mathematics
    Mathematics MAJU MAJU Shelf No.A26 2020-03-06 515.35 9560 Mathematics

Powered by Koha